[Event "Chigorin Memorial 29th"]
[Site "St Petersburg"]
[Date "2022.10.27"]
[Round "6"]
[White "Yanchenko, Roman"]
[Black "Protopopova, Anastasiya"]
[Result "1-0"]
[WhiteElo "2467"]
[BlackElo "2106"]
[PlyCount "47"]
[EventDate "2022.10.22"]
[EventType "swiss"]
[EventRounds "9"]
[EventCountry "RUS"]
[SourceTitle "EXT 2024"]
[Source "ChessBase"]
[SourceDate "2023.10.10"]
[SourceVersion "1"]
[SourceVersionDate "2023.10.10"]
[SourceQuality "1"]

1. c4 e5 2. Nc3 Nf6 3. g3 Bc5 4. Bg2 c6 5. e3 0-0 6. Nge2 d5 7. cxd5 Nxd5 8. Nxd5 cxd5 9. d4 exd4 10. exd4 Bb6 11. Be3 Bg4 12. h3 Bxe2 13. Qxe2 Nc6 14. Qd3 Ba5+ 15. Kf1 Nb4 16. Qb3 Rc8 17. Rd1 Nc2 18. Bd2 Bxd2 19. Rxd2 Na1 20. Qd1 Qa5 21. Bf3 Rc6 22. Kg2 Ra6 23. b4 Qxb4 24. Re2 1-0

[Event "Chigorin Memorial 29th"]
[Site "St Petersburg"]
[Date "2022.10.25"]
[Round "4"]
[White "Beznosov, Timofey"]
[Black "Protopopova, Anastasiya"]
[Result "0-1"]
[WhiteElo "1745"]
[BlackElo "2106"]
[PlyCount "56"]
[EventDate "2022.10.22"]
[EventType "swiss"]
[EventRounds "9"]
[EventCountry "RUS"]
[SourceTitle "EXT 2024"]
[Source "ChessBase"]
[SourceDate "2023.10.10"]
[SourceVersion "1"]
[SourceVersionDate "2023.10.10"]
[SourceQuality "1"]

1. e4 c6 2. d4 d5 3. exd5 cxd5 4. Bd3 Nc6 5. c3 Qc7 6. h3 Nf6 7. Nf3 g6 8. 0-0 Bf5 9. Na3 a6 10. Nc2 e6 11. Re1 h6 12. Ne3 Be7 13. Nxf5 gxf5 14. Bd2 Ne4 15. Qc1 Bd6 16. c4 Nxd2 17. Qxd2 Bb4 18. Qe2 dxc4 19. Bxc4 Bxe1 20. Rxe1 0-0-0 21. Rc1 Kb8 22. Bxa6 Nxd4 23. Qe3 Nxf3+ 24. gxf3 Rhg8+ 25. Kh1 f4 26. Qe1 Qd6 27. Bf1 Qd5 28. Rc3 Qg5 0-1

[Event "Chigorin Memorial 29th"]
[Site "St Petersburg"]
[Date "2022.10.24"]
[Round "3"]
[White "Protopopova, Anastasiya"]
[Black "Melnikov, Fedor"]
[Result "1-0"]
[WhiteElo "2106"]
[BlackElo "1784"]
[PlyCount "73"]
[EventDate "2022.10.22"]
[EventType "swiss"]
[EventRounds "9"]
[EventCountry "RUS"]
[SourceTitle "EXT 2024"]
[Source "ChessBase"]
[SourceDate "2023.10.10"]
[SourceVersion "1"]
[SourceVersionDate "2023.10.10"]
[SourceQuality "1"]

1. d4 Nf6 2. g3 e6 3. c4 d5 4. Bg2 dxc4 5. Nf3 Nc6 6. Qa4 Bb4+ 7. Bd2 Nd5 8. Bxb4 Ndxb4 9. Nc3 Bd7 10. 0-0 a6 11. Ne5 b5 12. Qa3 Ra7 13. Nxc6 Nxc6 14. Qc5 Qa8 15. d5 Nd8 16. Rad1 Nb7 17. Qxc7 Qc8 18. Qe5 0-0 19. dxe6 Bxe6 20. Ne4 Qb8 21. Qh5 h6 22. Rd4 Rd8 23. Rfd1 Rxd4 24. Rxd4 Qc7 25. g4 Ra8 26. Nc5 Rd8 27. Nxe6 fxe6 28. Rxd8+ Nxd8 29. Qe8+ Kh7 30. Be4+ g6 31. Qxg6+ Kh8 32. Qxh6+ Kg8 33. Qg6+ Kf8 34. Qf6+ Kg8 35. h4 Nf7 36. Qxe6 Qe5 37. Bd5 1-0

[Event "RUS-ch Blitz (Women)"]
[Site "Sochi"]
[Date "2022.10.14"]
[Round "11"]
[White "Girya, Olga"]
[Black "Protopopova, Anastasiya"]
[Result "1-0"]
[WhiteElo "2398"]
[BlackElo "2106"]
[PlyCount "105"]
[EventDate "2022.10.14"]
[EventType "swiss (blitz)"]
[EventRounds "13"]
[EventCountry "RUS"]
[SourceTitle "CBM 210 Extra"]
[Source "ChessBase"]
[SourceDate "2022.11.30"]
[SourceVersion "1"]
[SourceVersionDate "2022.11.30"]
[SourceQuality "1"]

1. d4 Nf6 2. Nf3 e6 3. c4 Bb4+ 4. Bd2 Qe7 5. g3 Bxd2+ 6. Qxd2 d6 7. Bg2 0-0 8. Nc3 e5 9. 0-0 Re8 10. dxe5 dxe5 11. Nd5 Qd8 12. Rfd1 c6 13. Nxf6+ Qxf6 14. Qc3 Nd7 15. b4 e4 16. Qxf6 Nxf6 17. Nd4 Bg4 18. h3 Bh5 19. g4 Bg6 20. e3 Rad8 21. Kh2 h5 22. Kg3 hxg4 23. hxg4 Nd7 24. c5 Ne5 25. Bf1 Nd3 26. a3 Ne5 27. Rd2 Rd7 28. Rad1 Red8 29. Bg2 b6 30. Rc2 bxc5 31. Rxc5 Rd5 32. Rdc1 Nd3 33. Rxd5 cxd5 34. Rc7 a6 35. Rc6 Ra8 36. Rd6 a5 37. b5 Ne5 38. Rxd5 Nc4 39. a4 Nb2 40. b6 Nxa4 41. b7 Rb8 42. Rxa5 Rxb7 43. Rxa4 f6 44. Nf5 Bf7 45. Bxe4 Rb2 46. Ra8+ Kh7 47. Ra7 Kg8 48. Bd5 Bxd5 49. Ne7+ Kh7 50. Nxd5 Rb3 51. Nxf6+ Kg6 52. Nd5 Rd3 53. Nf4+ 1-0

[Event "RUS-ch Blitz (Women)"]
[Site "Sochi"]
[Date "2022.10.14"]
[Round "8"]
[White "Voit, Daria"]
[Black "Protopopova, Anastasiya"]
[Result "1/2-1/2"]
[WhiteElo "2347"]
[BlackElo "2106"]
[PlyCount "96"]
[EventDate "2022.10.14"]
[EventType "swiss (blitz)"]
[EventRounds "13"]
[EventCountry "RUS"]
[SourceTitle "CBM 210 Extra"]
[Source "ChessBase"]
[SourceDate "2022.11.30"]
[SourceVersion "1"]
[SourceVersionDate "2022.11.30"]
[SourceQuality "1"]

1. d4 Nf6 2. c4 e6 3. Nf3 b6 4. g3 Ba6 5. b3 d5 6. Bg2 Bb4+ 7. Bd2 Be7 8. Bc3 0-0 9. Nbd2 c5 10. 0-0 Nc6 11. dxc5 bxc5 12. cxd5 exd5 13. Ne5 Nxe5 14. Bxe5 Re8 15. Re1 Bd6 16. Bxf6 Qxf6 17. Bxd5 Rad8 18. e4 Be5 19. Rc1 Bd4 20. Qf3 Qg6 21. Qg2 Rd6 22. Nf3 h6 23. Red1 Be5 24. Nxe5 Rxe5 25. f4 Re8 26. f5 Qg4 27. Rd2 Red8 28. h3 Qg5 29. Rxc5 Qe3+ 30. Qf2 Qg5 31. Rc7 R6d7 32. Rxd7 Rxd7 33. Rc2 Qf6 34. Kg2 Qe5 35. Qf4 Qd4 36. Qd2 Qe5 37. Qf2 Kh7 38. Kh2 Bd3 39. Rd2 Bxe4 40. Bxe4 Rxd2 41. Qxd2 Qxe4 42. g4 Qe5+ 43. Kg2 Qe4+ 44. Kf2 f6 45. a4 Qh1 46. Kg3 Qg1+ 47. Qg2 Qe3+ 48. Qf3 Qg1+ 1/2-1/2

[Event "Cheliabinsk Panchenko Memorial op-B"]
[Site "Cheliabinsk"]
[Date "2022.09.17"]
[Round "6"]
[White "Protopopova, Anastasiya"]
[Black "Gvanceladze, Anna"]
[Result "0-1"]
[WhiteElo "2149"]
[BlackElo "2183"]
[PlyCount "74"]
[EventDate "2022.09.12"]
[EventType "swiss"]
[EventRounds "10"]
[EventCountry "RUS"]
[SourceTitle "CBM 210 Extra"]
[Source "ChessBase"]
[SourceDate "2022.11.30"]
[SourceVersion "1"]
[SourceVersionDate "2022.11.30"]
[SourceQuality "1"]

1. d4 d5 2. c4 c6 3. Nf3 Nf6 4. Nc3 dxc4 5. a4 Bf5 6. Ne5 Nbd7 7. Nxc4 Nb6 8. Ne5 a5 9. f3 Nfd7 10. Nxd7 Nxd7 11. e4 Bg6 12. Be3 Qb6 13. Qd2 e5 14. dxe5 Bc5 15. Bxc5 Nxc5 16. Rd1 0-0 17. Qf2 Rad8 18. Rxd8 Rxd8 19. h4 h5 20. e6 fxe6 21. Be2 Qb4 22. 0-0 Nxa4 23. Nxa4 Qxa4 24. Qe1 Kh7 25. g4 Qd4+ 26. Kh1 Qxb2 27. gxh5 Bf7 28. e5 Bxh5 29. Rg1 g6 30. Qf2 Rd2 31. Re1 Qxe5 32. Bc4 Bxf3+ 33. Kg1 Qxe1+ 34. Qxe1 Rd1 35. Qxd1 Bxd1 36. Kf2 a4 37. Ke3 Bb3 0-1

[Event "Cheliabinsk Kurnosov Memorial Rapid-B"]
[Site "Cheliabinsk"]
[Date "2022.09.10"]
[Round "5"]
[White "Protopopova, Anastasiya"]
[Black "Smirnova, Ekaterina"]
[Result "1-0"]
[WhiteElo "2149"]
[BlackElo "2227"]
[PlyCount "55"]
[EventDate "2022.09.09"]
[EventType "swiss (rapid)"]
[EventRounds "11"]
[EventCountry "RUS"]
[SourceTitle "CBM 210 Extra"]
[Source "ChessBase"]
[SourceDate "2022.11.30"]
[SourceVersion "1"]
[SourceVersionDate "2022.11.30"]
[SourceQuality "1"]

1. d4 d5 2. c4 c6 3. Nf3 Nf6 4. Nc3 dxc4 5. a4 Bf5 6. Ne5 Nbd7 7. Nxc4 Qc7 8. g3 e5 9. dxe5 Nxe5 10. Bf4 Nfd7 11. Nxe5 Nxe5 12. Bg2 Rd8 13. Qc1 Bd6 14. 0-0 0-0 15. a5 Nc4 16. Bxd6 Qxd6 17. Ra4 Ne5 18. Rd1 Qe7 19. Rad4 Rxd4 20. Rxd4 Qc5 21. Rf4 Ng6 22. Ra4 Rd8 23. a6 b5 24. Ra1 Ne5 25. Qg5 Re8 26. Qxf5 g6 27. Ne4 Qe7 28. Qf6 1-0

[Event "Cheliabinsk Kurnosov Memorial Rapid-B"]
[Site "Cheliabinsk"]
[Date "2022.09.10"]
[Round "6"]
[White "Voit, Daria"]
[Black "Protopopova, Anastasiya"]
[Result "1-0"]
[WhiteElo "2348"]
[BlackElo "2149"]
[PlyCount "61"]
[EventDate "2022.09.09"]
[EventType "swiss (rapid)"]
[EventRounds "11"]
[EventCountry "RUS"]
[SourceTitle "CBM 210 Extra"]
[Source "ChessBase"]
[SourceDate "2022.11.30"]
[SourceVersion "1"]
[SourceVersionDate "2022.11.30"]
[SourceQuality "1"]

1. d4 Nf6 2. c4 e6 3. Nf3 Bb4+ 4. Bd2 Qe7 5. g3 Bxd2+ 6. Nfxd2 d6 7. Bg2 0-0 8. 0-0 Nbd7 9. Nc3 e5 10. e3 a5 11. a3 c6 12. b4 axb4 13. axb4 Rxa1 14. Qxa1 d5 15. c5 Re8 16. b5 e4 17. Qa8 Qe6 18. Nb3 Nf8 19. Na5 Qg4 20. bxc6 bxc6 21. Nxc6 Bd7 22. Qb7 Qh5 23. Ne5 Rxe5 24. dxe5 Qxe5 25. Ne2 Bg4 26. Nd4 Qh5 27. Ra1 Bh3 28. Bh1 Ng4 29. Qe7 g5 30. Ra8 Qh6 31. Nf5 1-0

[Event "Moscow op-B (Women) 18th"]
[Site "Moscow"]
[Date "2022.07.16"]
[Round "4"]
[White "Protopopova, Anastasiya"]
[Black "Yakimova, Mariya"]
[Result "1/2-1/2"]
[WhiteElo "2152"]
[BlackElo "2216"]
[PlyCount "53"]
[EventDate "2022.07.14"]
[EventType "swiss"]
[EventRounds "9"]
[EventCountry "RUS"]
[SourceTitle "CBM 209 Extra"]
[Source "ChessBase"]
[SourceDate "2022.09.30"]
[SourceVersion "1"]
[SourceVersionDate "2022.09.30"]
[SourceQuality "1"]

1. Nf3 Nf6 2. g3 g6 3. Bg2 Bg7 4. 0-0 0-0 5. d4 d6 6. b3 e5 7. dxe5 Ng4 8. Bb2 Nc6 9. Qc1 dxe5 10. Rd1 Bd7 11. Nc3 Re8 12. Ne4 Qc8 13. Nc5 Bf5 14. h3 Nf6 15. g4 Bf8 16. Nd3 Bxd3 17. exd3 h5 18. g5 Nd5 19. Nxe5 Nxe5 20. Bxd5 Qxh3 21. Qf4 Bd6 22. Re1 Nf3+ 23. Qxf3 Bh2+ 24. Kh1 Bg3+ 25. Kg1 Bh2+ 26. Kh1 Bg3+ 27. Kg1 1/2-1/2

[Event "Cheliabinsk Variation-B"]
[Site "Cheliabinsk"]
[Date "2022.04.05"]
[Round "5"]
[White "Bodnaruk, Anastasia"]
[Black "Protopopova, Anastasiya"]
[Result "1-0"]
[WhiteElo "2392"]
[BlackElo "2210"]
[PlyCount "151"]
[EventDate "2022.04.01"]
[EventType "swiss"]
[EventRounds "9"]
[EventCountry "RUS"]
[SourceTitle "CBM 207 Extra"]
[Source "ChessBase"]
[SourceDate "2022.05.31"]
[SourceVersion "1"]
[SourceVersionDate "2022.05.31"]
[SourceQuality "1"]

1. e4 c6 2. d4 d5 3. e5 Bf5 4. Nf3 e6 5. Be2 c5 6. c3 Nc6 7. 0-0 cxd4 8. Nxd4 Nge7 9. Nxf5 Nxf5 10. Bd3 g6 11. Qe2 Bg7 12. f4 0-0 13. Nd2 f6 14. exf6 Qxf6 15. Nf3 Rae8 16. Bd2 e5 17. fxe5 Nxe5 18. Nxe5 Qxe5 19. Qxe5 Rxe5 20. Rae1 Rxe1 21. Rxe1 Nd6 22. Re6 Rf6 23. Re2 Nc4 24. Be1 Rb6 25. Bxc4 dxc4 26. Bf2 Ra6 27. a3 Ra5 28. Re4 Rb5 29. Rxc4 Rxb2 30. Bxa7 Rb3 31. Rc8+ Kf7 32. Rc7+ Kg8 33. Bd4 Bxd4+ 34. cxd4 Rxa3 35. Rxb7 Rd3 36. Rd7 Rd2 37. h4 Kf8 38. Kf1 Ke8 39. Rxh7 Rxd4 40. g3 Kf8 41. Kf2 Kg8 42. Rc7 Rd3 43. Kg2 Rb3 44. Kh3 Rb4 45. Rc3 Kg7 46. g4 Ra4 47. Rc7+ Kg8 48. Kg3 Rb4 49. Kf3 Kf8 50. Rc3 Kf7 51. Re3 Kf6 52. Re4 Rb1 53. Rf4+ Kg7 54. Rd4 Rf1+ 55. Ke4 Rh1 56. Kf4 Rxh4 57. Kg5 Rh1 58. Rd7+ Kf8 59. Kxg6 Rh2 60. g5 Rg2 61. Rd8+ Ke7 62. Rg8 Rg1 63. Kh7 Rh1+ 64. Kg7 Rg1 65. g6 Rg2 66. Rb8 Rg1 67. Rb6 Ra1 68. Kg8 Rg1 69. g7 Rh1 70. Rb7+ Ke8 71. Rb5 Ke7 72. Re5+ Kd6 73. Re4 Kd5 74. Rf4 Ra1 75. Kf7 Ra7+ 76. Kg6 1-0

[Event "Cheliabinsk Variation-B"]
[Site "Cheliabinsk"]
[Date "2022.04.02"]
[Round "2"]
[White "Protopopova, Anastasiya"]
[Black "Zvereva, Margarita"]
[Result "1-0"]
[WhiteElo "2210"]
[BlackElo "2058"]
[PlyCount "61"]
[EventDate "2022.04.01"]
[EventType "swiss"]
[EventRounds "9"]
[EventCountry "RUS"]
[SourceTitle "CBM 207 Extra"]
[Source "ChessBase"]
[SourceDate "2022.05.31"]
[SourceVersion "1"]
[SourceVersionDate "2022.05.31"]
[SourceQuality "1"]

1. d4 d5 2. c4 c6 3. Nf3 Nf6 4. e3 g6 5. Nc3 Bg7 6. Be2 0-0 7. 0-0 Nbd7 8. Bd2 b6 9. cxd5 cxd5 10. Qb3 Bb7 11. Rfc1 Rc8 12. a4 a6 13. Be1 Nb8 14. Ne5 Nc6 15. Nxc6 Rxc6 16. Na2 Rxc1 17. Rxc1 Qd6 18. Bb4 Qd7 19. Ba3 Bc8 20. Nb4 Re8 21. Nc6 Bf8 22. Qxb6 Qb7 23. Qxb7 Bxb7 24. Na5 Bc8 25. b3 Nd7 26. f4 f6 27. Bg4 f5 28. Be2 Nf6 29. Rc7 g5 30. fxg5 Ne4 31. Bh5 1-0

[Event "Motiva Online Blitz (Women)"]
[Site "Chess.com INT"]
[Date "2021.12.18"]
[Round "3"]
[White "Protopopova, Anastasiya"]
[Black "Novikova, Margarita"]
[Result "1-0"]
[WhiteElo "2257"]
[BlackElo "2015"]
[PlyCount "39"]
[EventDate "2021.12.18"]
[EventType "swiss (blitz)"]
[EventRounds "13"]
[EventCountry "USA"]
[SourceTitle "CBM 205 Extra"]
[Source "ChessBase"]
[SourceDate "2022.01.31"]
[SourceVersion "1"]
[SourceVersionDate "2022.01.31"]
[SourceQuality "1"]

1. d4 g6 2. c4 Bg7 3. e4 d6 4. Nc3 Nc6 5. Be3 e5 6. d5 Nd4 7. Nf3 Bg4 8. Be2 Nxe2 9. Qxe2 a6 10. h3 Bxf3 11. Qxf3 Ne7 12. g4 0-0 13. 0-0-0 f5 14. gxf5 gxf5 15. exf5 Nxf5 16. Qg4 Kh8 17. Ne4 Rg8 18. Qxf5 Qe7 19. Ng5 Raf8 20. Qxh7# 1-0

[Event "Motiva Online Blitz (Women)"]
[Site "Chess.com INT"]
[Date "2021.12.18"]
[Round "13"]
[White "Protopopova, Anastasiya"]
[Black "Nurmanova, Alua"]
[Result "0-1"]
[WhiteElo "2257"]
[BlackElo "2281"]
[PlyCount "84"]
[EventDate "2021.12.18"]
[EventType "swiss (blitz)"]
[EventRounds "13"]
[EventCountry "USA"]
[SourceTitle "CBM 205 Extra"]
[Source "ChessBase"]
[SourceDate "2022.01.31"]
[SourceVersion "1"]
[SourceVersionDate "2022.01.31"]
[SourceQuality "1"]

1. d4 Nf6 2. c4 g6 3. Nc3 Bg7 4. e4 d6 5. h3 0-0 6. Be3 c5 7. Nf3 cxd4 8. Nxd4 b6 9. g3 Bb7 10. Bg2 Nbd7 11. 0-0 Rc8 12. b3 a6 13. Rc1 Ba8 14. a4 Nc5 15. Qc2 Qd7 16. Rfd1 Qb7 17. f3 Rfd8 18. Kh2 e6 19. Bh1 h5 20. h4 Qc7 21. Re1 d5 22. cxd5 exd5 23. Bf4 Qd7 24. e5 Nh7 25. Bg2 Nf8 26. Bh3 Nce6 27. Qd2 Qe7 28. Nce2 Rc5 29. Nxe6 Nxe6 30. Nd4 Nxf4 31. gxf4 Qxh4 32. e6 Bh6 33. exf7+ Kxf7 34. Ne6 Re8 35. Rxc5 bxc5 36. Qe2 Bc6 37. Qe5 Qf2+ 38. Bg2 Qh4+ 39. Kg1 Bd7 40. Qxd5 Bxe6 41. Qxc5 Qxe1+ 42. Kh2 Bxf4# 0-1

[Event "Motiva Online Blitz (Women)"]
[Site "Chess.com INT"]
[Date "2021.12.18"]
[Round "5"]
[White "Protopopova, Anastasiya"]
[Black "Unuk, Laura"]
[Result "0-1"]
[WhiteElo "2257"]
[BlackElo "2356"]
[PlyCount "116"]
[EventDate "2021.12.18"]
[EventType "swiss (blitz)"]
[EventRounds "13"]
[EventCountry "USA"]
[SourceTitle "CBM 205 Extra"]
[Source "ChessBase"]
[SourceDate "2022.01.31"]
[SourceVersion "1"]
[SourceVersionDate "2022.01.31"]
[SourceQuality "1"]

1. d4 Nf6 2. c4 e6 3. Nc3 Bb4 4. f3 d5 5. a3 Bxc3+ 6. bxc3 0-0 7. cxd5 exd5 8. e3 Re8 9. Bd3 Nh5 10. Qc2 g6 11. Ne2 Qh4+ 12. g3 Qh3 13. Kf2 c5 14. Bd2 c4 15. Bxc4 dxc4 16. g4 Nf6 17. Nf4 Qh4+ 18. Kg2 Bxg4 19. fxg4 Qxg4+ 20. Kf1 Ne4 21. Qd1 Nxd2+ 22. Qxd2 Qf3+ 23. Kg1 Rxe3 24. Rf1 Qe4 25. Nd5 Qg4+ 26. Qg2 Qxg2+ 27. Kxg2 Re2+ 28. Kf3 Re8 29. Nc7 Nc6 30. Nxa8 Rxa8 31. Re1 f5 32. Re6 Kf7 33. Rhe1 Rd8 34. R6e2 g5 35. Rb1 b6 36. Rb5 Kf6 37. d5 Ne5+ 38. Ke3 f4+ 39. Kd4 Nf3+ 40. Kxc4 g4 41. Re6+ Kf5 42. Re7 Rd6 43. Rf7+ Ke4 44. Rb4 Ne5+ 45. Kb5+ Ke3 46. Rfxf4 Rxd5+ 47. Ka6 Ra5+ 48. Kb7 Nd3 49. Rbe4+ Kd2 50. Rxg4 Kxc3 51. Re3 Rxa3 52. Rgg3 Kd4 53. Kc7 a5 54. Kxb6 a4 55. Kb5 h5 56. Ref3 Ke4 57. Rf8 Rb3+ 58. Kxa4 Rb1 0-1

[Event "Amazons Pride Blitz"]
[Site "Chess.com INT"]
[Date "2021.10.23"]
[Round "9"]
[White "Larina, Marija"]
[Black "Protopopova, Anastasiya"]
[Result "1/2-1/2"]
[WhiteElo "1948"]
[BlackElo "2257"]
[PlyCount "93"]
[EventDate "2021.10.23"]
[EventType "swiss (blitz)"]
[EventRounds "9"]
[EventCountry "USA"]
[SourceTitle "CBM 204 Extra"]
[Source "ChessBase"]
[SourceDate "2021.11.30"]
[SourceVersion "1"]
[SourceVersionDate "2021.11.30"]
[SourceQuality "1"]

1. e4 c6 2. d4 d5 3. f3 e6 4. Nc3 Bb4 5. Bd2 Ne7 6. a3 Bxc3 7. Bxc3 0-0 8. Qd2 Nd7 9. 0-0-0 b5 10. Kb1 a5 11. g4 Qb6 12. g5 Qa7 13. b4 axb4 14. Bxb4 Nb6 15. h4 Nc4 16. Bxc4 bxc4 17. c3 dxe4 18. fxe4 e5 19. Nf3 Bg4 20. Rdf1 Rfb8 21. Nxe5 Qxa3 22. Qb2 Be2 23. Rxf7 Bd3+ 24. Nxd3 Kxf7 25. Rf1+ Kg8 26. Qxa3 Rxa3 27. Nb2 Ra7 28. Nxc4 c5 29. dxc5 Nc6 30. Nb6 Re7 31. Rf4 Rbe8 32. h5 Rxe4 33. Rf5 Nxb4 34. cxb4 Rxb4+ 35. Kc2 Re7 36. Kc3 Rb1 37. Nd5 Re6 38. Nf4 Rc6 39. Kd4 Rd1+ 40. Kc4 Rc1+ 41. Kb5 Rc8 42. Rd5 h6 43. g6 Rb1+ 44. Kc4 Rc1+ 45. Kb5 Rb1+ 46. Kc4 Rc1+ 47. Kb5 1/2-1/2

[Event "Amazons Pride Blitz"]
[Site "Chess.com INT"]
[Date "2021.10.23"]
[Round "1"]
[White "Maklakova, Nellija"]
[Black "Protopopova, Anastasiya"]
[Result "1-0"]
[WhiteElo "1804"]
[BlackElo "2257"]
[PlyCount "47"]
[EventDate "2021.10.23"]
[EventType "swiss (blitz)"]
[EventRounds "9"]
[EventCountry "USA"]
[SourceTitle "CBM 204 Extra"]
[Source "ChessBase"]
[SourceDate "2021.11.30"]
[SourceVersion "1"]
[SourceVersionDate "2021.11.30"]
[SourceQuality "1"]

1. c4 c5 2. Nc3 Nc6 3. g3 e5 4. Bg2 g6 5. e3 Bg7 6. Nge2 Nge7 7. d4 exd4 8. exd4 Nxd4 9. Nxd4 cxd4 10. Nb5 d5 11. Bf4 0-0 12. Nc7 dxc4 13. Nxa8 Nd5 14. 0-0 Nxf4 15. gxf4 Bf5 16. Bxb7 Qb8 17. Bg2 Qxf4 18. Qf3 Qd2 19. Nc7 Qxb2 20. Nd5 d3 21. Ne7+ Kh8 22. Nxf5 gxf5 23. Qxf5 d2 24. Be4 1-0

[Event "Amazons Pride Blitz"]
[Site "Chess.com INT"]
[Date "2021.10.23"]
[Round "5"]
[White "Skuridina, Ekaterina"]
[Black "Protopopova, Anastasiya"]
[Result "1-0"]
[WhiteElo "1187"]
[BlackElo "2257"]
[PlyCount "91"]
[EventDate "2021.10.23"]
[EventType "swiss (blitz)"]
[EventRounds "9"]
[EventCountry "USA"]
[SourceTitle "CBM 204 Extra"]
[Source "ChessBase"]
[SourceDate "2021.11.30"]
[SourceVersion "1"]
[SourceVersionDate "2021.11.30"]
[SourceQuality "1"]

1. e4 c6 2. d4 d5 3. e5 Bf5 4. h4 h5 5. Nc3 e6 6. Bd3 Bxd3 7. Qxd3 Nh6 8. Bxh6 Rh7 9. Bg5 Be7 10. Bxe7 Qxe7 11. Qxh7 g6 12. Qh8+ Kd7 13. Qf6 Qf8 14. Nf3 Na6 15. Ng5 Ke8 16. 0-0-0 Rd8 17. Nh7 Qb4 18. a3 Qb6 19. Ng5 Rd7 20. Na4 Qb5 21. Nc3 Qb6 22. Qh8+ Ke7 23. Qg7 Kd8 24. Qf8+ Kc7 25. Nxf7 c5 26. dxc5 Nxc5 27. Nd6 Rd8 28. Qe7+ Rd7 29. Qg5 a6 30. Qe3 Qc6 31. Ne8+ Kb8 32. Nd6 Rc7 33. Qd4 Na4 34. Qxa4 Qc5 35. Qe8+ Ka7 36. Qxe6 Qxf2 37. Qxd5 Rc6 38. Qd3 Qf4+ 39. Qd2 Qxe5 40. Nde4 Rb6 41. Qe3 a5 42. Nd5 Qxb2+ 43. Kd2 Kb8 44. Nxb6 Qe5 45. Nd7+ Ka8 46. Nxe5 1-0

[Event "Cheliabinsk Panchenko Memorial op-B"]
[Site "Cheliabinsk"]
[Date "2021.09.17"]
[Round "5"]
[White "Petrova, Irina"]
[Black "Protopopova, Anastasiya"]
[Result "0-1"]
[WhiteElo "2141"]
[BlackElo "2257"]
[PlyCount "80"]
[EventDate "2021.09.13"]
[EventType "swiss"]
[EventRounds "10"]
[EventCountry "RUS"]
[SourceTitle "CBM 204 Extra"]
[Source "ChessBase"]
[SourceDate "2021.11.30"]
[SourceVersion "1"]
[SourceVersionDate "2021.11.30"]
[SourceQuality "1"]

1. e4 c6 2. d4 d5 3. e5 Bf5 4. h4 h5 5. c4 e6 6. Nc3 dxc4 7. Bxc4 Nd7 8. Nge2 Be7 9. Ng3 Bg6 10. Bg5 Qb6 11. 0-0 Bxg5 12. hxg5 0-0-0 13. Qe2 Ne7 14. Rfd1 h4 15. Nge4 Nf5 16. Nd6+ Nxd6 17. exd6 Qb4 18. a4 Qxd6 19. a5 h3 20. g3 Bh5 21. g4 Bg6 22. a6 b5 23. Bxb5 h2+ 24. Kg2 cxb5 25. Nxb5 Qd5+ 26. f3 Kb8 27. Ra5 Rc8 28. Qe3 Rc2+ 29. Kh1 Rh3 30. Na3 Qxa5 31. Nxc2 Bxc2 32. Rc1 Qd5 33. Qf4+ e5 34. dxe5 Rxf3 35. Qb4+ Ka8 36. Qb7+ Qxb7 37. axb7+ Kxb7 38. Rxc2 Nxe5 39. Rxh2 Nxg4 40. Rh7 g6 0-1

[Event "Cheliabinsk Panchenko Memorial op-B"]
[Site "Cheliabinsk"]
[Date "2021.09.16"]
[Round "4"]
[White "Protopopova, Anastasiya"]
[Black "Petrenko, Svetlana"]
[Result "1-0"]
[WhiteElo "2257"]
[BlackElo "2054"]
[PlyCount "115"]
[EventDate "2021.09.13"]
[EventType "swiss"]
[EventRounds "10"]
[EventCountry "RUS"]
[SourceTitle "CBM 204 Extra"]
[Source "ChessBase"]
[SourceDate "2021.11.30"]
[SourceVersion "1"]
[SourceVersionDate "2021.11.30"]
[SourceQuality "1"]

1. d4 d5 2. c4 e6 3. Nc3 Nf6 4. cxd5 exd5 5. Bg5 Be7 6. e3 b6 7. Bd3 Bb7 8. Nge2 h6 9. Bh4 Nbd7 10. 0-0 Ne4 11. Bxe4 dxe4 12. Bg3 0-0 13. Nb5 c6 14. Nbc3 Nf6 15. Be5 Ng4 16. Bg3 f5 17. Nf4 Rf7 18. Qb3 Bd6 19. h3 Nf6 20. Ng6 Nd5 21. Nxd5 cxd5 22. Bxd6 Qxd6 23. Ne5 Rc7 24. f3 Ba6 25. Rf2 exf3 26. Rxf3 Rf8 27. a3 Rf6 28. Qa4 Bc8 29. Raf1 Kh7 30. Qe8 Rf8 31. Qh5 g6 32. Qh4 Ba6 33. R1f2 Qf6 34. Qg3 Qg5 35. Ng4 Rc1+ 36. Kh2 h5 37. Ne5 Qxg3+ 38. Rxg3 Rf6 39. Rgf3 Kg7 40. g4 hxg4 41. hxg4 Bc8 42. Nd3 Rcc6 43. g5 Rf8 44. Nf4 Rh8+ 45. Rh3 Rxh3+ 46. Kxh3 Bb7 47. Kg3 Rc1 48. Rh2 Rg1+ 49. Kf3 Bc6 50. Rc2 Bb5 51. Rc7+ Kg8 52. Nxd5 Rf1+ 53. Kg3 Kf8 54. Nf4 Ke8 55. Nxg6 a6 56. Rc8+ Kd7 57. Rc2 Kd6 58. Ne5 1-0

[Event "Cheliabinsk Panchenko Memorial op-B"]
[Site "Cheliabinsk"]
[Date "2021.09.13"]
[Round "1"]
[White "Shukhman, Anna"]
[Black "Protopopova, Anastasiya"]
[Result "1/2-1/2"]
[WhiteElo "2042"]
[BlackElo "2257"]
[PlyCount "151"]
[EventDate "2021.09.13"]
[EventType "swiss"]
[EventRounds "10"]
[EventCountry "RUS"]
[SourceTitle "CBM 204 Extra"]
[Source "ChessBase"]
[SourceDate "2021.11.30"]
[SourceVersion "1"]
[SourceVersionDate "2021.11.30"]
[SourceQuality "1"]

1. e4 c6 2. d4 d5 3. e5 Bf5 4. g4 Be4 5. f3 Bg6 6. e6 fxe6 7. h4 h5 8. Bd3 Bxd3 9. Qxd3 Qd6 10. Ne2 Nd7 11. Bf4 e5 12. dxe5 Nxe5 13. Qc3 d4 14. Qb3 0-0-0 15. Nd2 hxg4 16. 0-0-0 Qd5 17. Bxe5 Qxe5 18. Rhe1 Qd5 19. Qxd5 Rxd5 20. Nf4 Rf5 21. Ng6 Rh6 22. fxg4 Rf6 23. h5 Rhxg6 24. hxg6 Rxg6 25. Rh1 Nf6 26. Rh8 Nd7 27. Nf3 c5 28. c3 Rf6 29. Ng5 e5 30. Re1 Kc7 31. Nh7 Rh6 32. g5 Rh2 33. Rxf8 d3 34. Re3 Rxh7 35. Rf7 c4 36. Rxe5 Rh1+ 37. Kd2 Rh2+ 38. Kd1 Kc6 39. Re4 b5 40. Rxg7 Nc5 41. Rd4 Rh1+ 42. Kd2 Rh2+ 43. Ke3 Re2+ 44. Kf3 Ne6 45. Rg6 Kc5 46. Rd7 Nf8 47. Rc7+ Kd5 48. Rf6 Re1 49. b4 cxb3 50. axb3 d2 51. c4+ bxc4 52. bxc4+ Ke5 53. Rc5+ Kd4 54. Rd5+ Kc3 55. Rfd6 Rg1 56. c5 Ne6 57. Rxe6 d1Q+ 58. Rxd1 Rxd1 59. c6 Rd8 60. c7 Rc8 61. Rc6+ Kd4 62. g6 Kd5 63. Ra6 Rxc7 64. Kf4 Kc5 65. Kf5 Kb5 66. Ra1 a5 67. Rb1+ Ka4 68. Kf6 Ka3 69. Re1 a4 70. Re6 Ka2 71. Rb6 a3 72. Ke5 Rc2 73. Kd4 Rg2 74. Ke5 Ka1 75. Kf6 a2 76. g7 1/2-1/2